<?xml version="1.0" encoding="UTF-8"?>
<record
    xmlns:xsi="http://www.w3.org/2001/XMLSchema-instance"
    xsi:schemaLocation="http://www.loc.gov/MARC21/slim http://www.loc.gov/standards/marcxml/schema/MARC21slim.xsd"
    xmlns="http://www.loc.gov/MARC21/slim">

  <leader>01153nam0a2200325 i 4500</leader>
  <controlfield tag="001">RU\NLR\BIBL_A\010011489</controlfield>
  <controlfield tag="005">20241102085247.0</controlfield>
  <datafield tag="021" ind1=" " ind2=" ">
    <subfield code="a">RU</subfield>
    <subfield code="b">2013-86773</subfield>
    <subfield code="9">5998</subfield>
  </datafield>
  <datafield tag="035" ind1=" " ind2=" ">
    <subfield code="a">(NILC)RuMoRGB-006687982</subfield>
  </datafield>
  <datafield tag="035" ind1=" " ind2=" ">
    <subfield code="a">(NLR Aleph) 010011489</subfield>
  </datafield>
  <datafield tag="090" ind1=" " ind2=" ">
    <subfield code="a">9856576</subfield>
    <subfield code="c">9856576</subfield>
  </datafield>
  <datafield tag="100" ind1=" " ind2=" ">
    <subfield code="a">20131206d2011    um y0rusy50      ca</subfield>
  </datafield>
  <datafield tag="101" ind1="0" ind2=" ">
    <subfield code="a">rus</subfield>
  </datafield>
  <datafield tag="102" ind1=" " ind2=" ">
    <subfield code="a">RU</subfield>
  </datafield>
  <datafield tag="105" ind1=" " ind2=" ">
    <subfield code="a">a||||||||||||</subfield>
  </datafield>
  <datafield tag="200" ind1="1" ind2=" ">
    <subfield code="a">&#x41C;&#x435;&#x434;&#x43D;&#x44B;&#x43C; &#x43A;&#x430;&#x431;&#x435;&#x43B;&#x44F;&#x43C; &#x436;&#x438;&#x442;&#x44C;!</subfield>
    <subfield code="e">&#x43D;&#x430;&#x434;&#x435;&#x436;&#x43D;&#x43E;&#x441;&#x442;&#x44C;. &#x421;&#x442;&#x430;&#x431;&#x438;&#x43B;&#x44C;&#x43D;&#x43E;&#x441;&#x442;&#x44C;. &#x42D;&#x444;&#x444;&#x435;&#x43A;&#x442;&#x438;&#x432;&#x43D;&#x43E;&#x441;&#x442;&#x44C;</subfield>
    <subfield code="f">&#x42E;. &#x410;. &#x41F;&#x430;&#x440;&#x444;&#x435;&#x43D;&#x43E;&#x432;</subfield>
  </datafield>
  <datafield tag="210" ind1=" " ind2=" ">
    <subfield code="a">&#x421;&#x430;&#x43D;&#x43A;&#x442;-&#x41F;&#x435;&#x442;&#x435;&#x440;&#x431;&#x443;&#x440;&#x433;</subfield>
    <subfield code="c">[&#x431;. &#x438;.]</subfield>
    <subfield code="d">2011</subfield>
  </datafield>
  <datafield tag="215" ind1=" " ind2=" ">
    <subfield code="a">528 &#x441;.</subfield>
    <subfield code="c">&#x438;&#x43B;., &#x43F;&#x43E;&#x440;&#x442;&#x440;.</subfield>
    <subfield code="d">24</subfield>
  </datafield>
  <datafield tag="320" ind1=" " ind2=" ">
    <subfield code="a">&#x411;&#x438;&#x431;&#x43B;&#x438;&#x43E;&#x433;&#x440;.: &#x441;. 520-521 (30 &#x43D;&#x430;&#x437;&#x432;.)</subfield>
  </datafield>
  <datafield tag="606" ind1=" " ind2=" ">
    <subfield code="a">&#x422;&#x435;&#x43B;&#x435;&#x444;&#x43E;&#x43D;&#x43D;&#x44B;&#x435; &#x43A;&#x430;&#x431;&#x435;&#x43B;&#x438;</subfield>
    <subfield code="9">1344477</subfield>
    <subfield code="3">RU\NLR\AUTH\66560857</subfield>
  </datafield>
  <datafield tag="610" ind1="0" ind2=" ">
    <subfield code="a">&#x43C;&#x435;&#x434;&#x43D;&#x44B;&#x435; &#x43A;&#x430;&#x431;&#x435;&#x43B;&#x438;</subfield>
  </datafield>
  <datafield tag="610" ind1="0" ind2=" ">
    <subfield code="a">&#x446;&#x438;&#x444;&#x440;&#x43E;&#x432;&#x44B;&#x435; &#x441;&#x435;&#x442;&#x438; &#x434;&#x43E;&#x441;&#x442;&#x443;&#x43F;&#x430;</subfield>
  </datafield>
  <datafield tag="675" ind1=" " ind2=" ">
    <subfield code="a">621.315.221</subfield>
  </datafield>
  <datafield tag="686" ind1="1" ind2=" ">
    <subfield code="a">&#x417;843.232.4</subfield>
  </datafield>
  <datafield tag="700" ind1=" " ind2="1">
    <subfield code="a">&#x41F;&#x430;&#x440;&#x444;&#x435;&#x43D;&#x43E;&#x432;</subfield>
    <subfield code="b">&#x42E;.&#x410;.</subfield>
    <subfield code="g">&#x42E;&#x440;&#x438;&#x439; &#x410;&#x43B;&#x435;&#x43A;&#x441;&#x435;&#x435;&#x432;&#x438;&#x447;</subfield>
  </datafield>
  <datafield tag="801" ind1=" " ind2="0">
    <subfield code="a">RU</subfield>
    <subfield code="b">RuMoRKP</subfield>
    <subfield code="c">20131028</subfield>
    <subfield code="g">RCR</subfield>
  </datafield>
  <datafield tag="801" ind1=" " ind2="2">
    <subfield code="a">RU</subfield>
    <subfield code="b">&#x420;&#x413;&#x411;</subfield>
    <subfield code="c">20131111</subfield>
    <subfield code="g">rcr</subfield>
  </datafield>
  <datafield tag="942" ind1=" " ind2=" ">
    <subfield code="c">BOOK</subfield>
  </datafield>
  <datafield tag="980" ind1=" " ind2=" ">
    <subfield code="a">NBR</subfield>
  </datafield>
</record>
